This Book is About School (Record no. 8441)
[ view plain ]
| 000 -LEADER | |
|---|---|
| fixed length control field | 00559nam a22002297a 4500 |
| 003 - CONTROL NUMBER IDENTIFIER | |
| control field | OSt |
| 005 - DATE AND TIME OF LATEST TRANSACTION | |
| control field | 20250425183349.0 |
| 008 - FIXED-LENGTH DATA ELEMENTS--GENERAL INFORMATION | |
| fixed length control field | 250425b |||||||| |||| 00| 0 eng d |
| 010 ## - LIBRARY OF CONGRESS CONTROL NUMBER | |
| LC control number | 70113720 |
| 020 ## - INTERNATIONAL STANDARD BOOK NUMBER | |
| International Standard Book Number | 0394448464 |
| 040 ## - CATALOGING SOURCE | |
| Transcribing agency | 000 |
| 050 ## - LIBRARY OF CONGRESS CALL NUMBER | |
| Classification number | LB7 |
| Item number | .R46 |
| 082 ## - DEWEY DECIMAL CLASSIFICATION NUMBER | |
| Edition number | 1ST EDITION |
| 245 ## - TITLE STATEMENT | |
| Statement of responsibility, etc | This book is about schools |
| 100 ## - MAIN ENTRY--PERSONAL NAME | |
| Personal name | Repo, Status edited |
| 245 ## - TITLE STATEMENT | |
| Title | This Book is About School |
| 250 ## - EDITION STATEMENT | |
| Edition statement | 1st edition |
| 260 ## - PUBLICATION, DISTRIBUTION, ETC. (IMPRINT) | |
| Place of publication, distribution, etc | New York |
| Name of publisher, distributor, etc | Pantheon Books |
| Date of publication, distribution, etc | 1970 |
| 300 ## - PHYSICAL DESCRIPTION | |
| Extent | xviii, 457p. |
| Dimensions | 22cm. |
| 600 ## - SUBJECT ADDED ENTRY--PERSONAL NAME | |
| Source of heading or term | Education |
| 942 ## - ADDED ENTRY ELEMENTS (KOHA) | |
| Source of classification or shelving scheme | Dewey Decimal Classification |
| Koha item type | Books |
| Withdrawn status | Lost status | Source of classification or shelving scheme | Damaged status | Not for loan | Home library | Current library | Shelving location | Date acquired | Total Checkouts | Full call number | Barcode | Date last seen | Price effective from | Koha item type |
|---|---|---|---|---|---|---|---|---|---|---|---|---|---|---|
| Dewey Decimal Classification | Methodist University Library Main | Methodist University Library Main | General Stacks | 25/04/2000 | LB7 .R46 | 16086 | 25/04/2025 | 25/11/2025 | Books |